00322nam a2200145Ia 4500003000400000005001700004008004100021040000700062041000800069082001700077100001700094245004800111260000900159365000800168OSt20230330110625.0210423s2008 xx 000 0 und d cAL aeng a658 GUPC223 aGUPTA (C B). aModern business organisation and management c2008 cINR